日本の駅名「文字使用頻度」ランキング - Statistics

General Stats
  • This quiz has been taken 819 times
  • The average score is 59 of 100
Answer Stats
順位 漢字 駅数 % Correct
8 西 319
97%
12 292
97%
1 662
96%
2 508
96%
19 200
96%
22 192
96%
4 502
95%
3 503
94%
11 294
93%
9 309
89%
13 267
87%
15 226
87%
7 379
86%
28 176
85%
51 113
84%
6 390
83%
16 219
83%
25 184
83%
26 179
83%
5 487
82%
10 296
82%
24 185
81%
14 238
80%
32 155
80%
27 178
79%
39 128
79%
30 159
78%
29 163
76%
35 142
76%
23 189
75%
30 159
75%
38 133
73%
81 74
72%
91 70
70%
91 70
70%
17 207
69%
21 195
69%
18 201
68%
37 136
67%
47 119
67%
50 114
67%
76 80
67%
75 83
66%
46 122
63%
56 100
62%
35 142
61%
78 76
61%
40 126
60%
95 68
59%
41 125
57%
34 153
56%
81 74
56%
57 97
55%
65 88
55%
68 87
55%
63 91
54%
79 75
54%
53 108
52%
60 95
51%
81 74
51%
57 97
50%
54 106
49%
98 66
48%
20 199
47%
32 155
47%
44 123
47%
71 85
47%
44 123
46%
64 89
46%
96 67
45%
48 116
43%
48 116
42%
86 73
42%
55 101
41%
68 87
41%
89 72
41%
41 125
40%
65 88
40%
99 65
40%
52 112
39%
86 73
39%
93 69
39%
62 92
38%
71 85
38%
74 84
37%
65 88
35%
43 124
34%
70 86
33%
71 85
33%
79 75
31%
100 64
27%
59 96
25%
60 95
25%
77 77
24%
93 69
24%
96 67
24%
81 74
23%
81 74
20%
90 71
20%
86 73
7%
No matching quizzes found
Score Distribution
Percent of People with Each Score
Percentile by Number Answered
Your Score History
You have not taken this quiz